Mail services and procedures /

Bibliographic Details
Corporate Author: United States. General Accounting Office. Office of Information Management and Communications
Format: Government Document Microform Book
Language:English
Published: Washington, D.C. (441 G St., NW, Rm. LM, Washington 20548) : U.S. General Accounting Office, [1995]
Subjects:
Online Access:Adobe Acrobat Reader required

MARC

Tag First Indicator Second Indicator Subfields
LEADER 00000cam a2200000 a 4500
001 in00000001247
007 he bmb024bbca
008 980702s1995 dcu bf f000 0 eng c
005 20230309222502.5
035 |a (OCoLC)ocm39383649 
035 |9 AHY0546AM 
035 |a in00000001247 
037 |a 155135  |b GAO (202) 512-6000 (Voice); (202) 512-6061(Fax); (202) 512-2537 (TDD)  |f paper copy 
040 |a BGU  |c BGU  |d GPO  |d OCL  |d GPO  |d MvI  |d UtOrBLW 
042 |a pcc 
043 |a n-us--- 
049 |a UMIC 
049 |a WWW 
074 |a 0546-D (MF) 
074 |a 0546-D (online) 
086 0 |a GA 1.13:OIMC-95-6 
088 |a GAO/OIMC-95-6 
110 1 |a United States.  |b General Accounting Office.  |b Office of Information Management and Communications. 
245 1 0 |a Mail services and procedures /  |c United States General Accounting Office, Office of Information Management and Communications. 
264 1 |a Washington, D.C. (441 G St., NW, Rm. LM, Washington 20548) :  |b U.S. General Accounting Office,  |c [1995] 
300 |a 26 pages ;  |c 28 cm. 
336 |a text  |b txt  |2 rdacontent 
337 |a microform  |b h  |2 rdamedia 
338 |a microfiche  |b he  |2 rdacarrier 
500 |a Cover title. 
500 |a Shipping list number: 97-0685-M. 
500 |a "July 1995." 
500 |a "GAO/OIMC-95-6." 
533 |a Microfiche.  |b [Washington, D.C.] :  |c U.S. General Accounting Office,  |d [1997?]  |e 1 microfiche : negative.  |7 s1997 dcun b 
530 |a Also available via Internet from the GPO Access web site. Address as of 6/19/03: http://frwebgate.access.gpo.gov/cgi-bin/getdoc.cgi?dbname=gao&docid=f:oi95006.pdf; current access is available via PURL. 
500 |a Microform. 
610 1 0 |a United States.  |b General Accounting Office.  |b Office of Information Management and Communications  |v Handbooks, manuals, etc. 
650 0 |a Postal service  |z United States  |v Handbooks, manuals, etc. 
856 4 1 |u https://purl.fdlp.gov/GPO/LPS31018  |z Adobe Acrobat Reader required  |t 0 
999 |a MARS 
999 f f |i eb214636-5f42-3877-a19f-932cc75cf870  |s 3e98c658-c37d-34f5-b15a-72d4b4e7704d  |t 0 
952 f f |p normal  |a Texas A&M University  |b College Station  |c Sterling C. Evans Library  |d Evans: US Documents Microfiche (3rd floor)  |t 0  |e GA 1.13:OIMC-95-6  |h Superintendent of Documents classification  |i microform -- microfiche  |m A14821268220 
952 f f |a Texas A&M University  |b College Station  |c Electronic Resources  |d Available Online  |t 0  |e GA 1.13:OIMC-95-6  |h Superintendent of Documents classification 
998 f f |a GA 1.13:OIMC-95-6  |t 0  |l Available Online 
998 f f |a GA 1.13:OIMC-95-6  |t 0  |l Evans: US Documents Microfiche (3rd floor)